| 000 | 01506nam a2200421 c 4500 | ||
|---|---|---|---|
| 999 |
_c327209 _d327209 |
||
| 003 | BLK | ||
| 005 | 20240507121941.0 | ||
| 008 | 180410b bul|||||r ||||||| ||bul|| | ||
| 010 | _aKNG00173267000 | ||
| 020 | _a9789545003097 | ||
| 040 | _aBLK | ||
| 041 |
_aBUL _cBUL |
||
| 072 | 7 |
_2bullib _aН92 _xИстория Н |
|
| 080 |
_aКраезнание _b908 _x(497.2) _z908(497.2) |
||
| 100 | 1 |
_aКанджева, Вяра Николова _eпърви автор _975944 |
|
| 139 |
_aКанджева, Вяра Николова _bК 25 |
||
| 245 | 1 | 0 |
_aОткрийте България _cВяра Николова Канджева; съавт. Антоний Георгиев Ханджийски. _bС 507 цв. фотографии |
| 257 | _aBGR | ||
| 260 |
_bБорина _c2017 _fЧехия _aСофия |
||
| 300 |
_a128 с. _bс цв. ил., к., портр. _c27 см |
||
| 380 | _a9 | ||
| 500 | _aБиогр. данни за авт. отбелязани на 3-та кор. на кн. | ||
| 651 | 4 |
_aБългария _9241624 |
|
| 659 | _aН | ||
| 700 | 1 |
_aХанджийски, Антоний Георгиев _eсъавт. _9371081 |
|
| 852 |
_bП _cП 908/К 25 |
||
| 856 | 4 | _qpdf | |
| 856 | 4 | _qpdf | |
| 942 |
_cKNG _n0 _09 |
||
| 944 |
_aCR _c18.03.2015 _k30564 _lГалина Якимова |
||
| 944 |
_aED _c21.07.2015 _kГрета_Цуфелде |
||
| 999 | _d327209 | ||
| 999 | _d327209 | ||
| 999 | _d327209 | ||
| 999 | _d327209 | ||
| 999 | _d327209 | ||
| 999 | _d165644 | ||